<?xml version="1.0" encoding="UTF-8"?>
<record
    xmlns:xsi="http://www.w3.org/2001/XMLSchema-instance"
    xsi:schemaLocation="http://www.loc.gov/MARC21/slim http://www.loc.gov/standards/marcxml/schema/MARC21slim.xsd"
    xmlns="http://www.loc.gov/MARC21/slim">

  <leader>01078nam a22001697a 4500</leader>
  <datafield tag="952" ind1=" " ind2=" ">
    <subfield code="0">0</subfield>
    <subfield code="1">0</subfield>
    <subfield code="2">ddc</subfield>
    <subfield code="4">0</subfield>
    <subfield code="7">0</subfield>
    <subfield code="8">NFIC</subfield>
    <subfield code="a">ASL</subfield>
    <subfield code="b">ASL</subfield>
    <subfield code="c">GEN</subfield>
    <subfield code="d">2021-11-02</subfield>
    <subfield code="e">ASB Library Collection</subfield>
    <subfield code="h">U-0719</subfield>
    <subfield code="l">0</subfield>
    <subfield code="o">297.4 AHA</subfield>
    <subfield code="p">113469</subfield>
    <subfield code="r">2021-11-02 00:00:00</subfield>
    <subfield code="t">C-1</subfield>
    <subfield code="w">2021-11-02</subfield>
    <subfield code="y">BK</subfield>
  </datafield>
  <datafield tag="999" ind1=" " ind2=" ">
    <subfield code="c">27367</subfield>
    <subfield code="d">27367</subfield>
  </datafield>
  <controlfield tag="003">BDDh-ASL</controlfield>
  <controlfield tag="005">20231015030747.0</controlfield>
  <controlfield tag="008">211102s1946    ii ||||| |||| 00| 0 u   d</controlfield>
  <datafield tag="040" ind1=" " ind2=" ">
    <subfield code="a">BDDh-ASL</subfield>
    <subfield code="c">BDDh-ASL</subfield>
  </datafield>
  <datafield tag="082" ind1=" " ind2=" ">
    <subfield code="a">297.4</subfield>
    <subfield code="b">AHA</subfield>
  </datafield>
  <datafield tag="100" ind1="1" ind2=" ">
    <subfield code="9">5584</subfield>
    <subfield code="a">Ahmadullah, Syed </subfield>
  </datafield>
  <datafield tag="245" ind1="1" ind2="0">
    <subfield code="a">Ainun Jariya : / &#x639;&#x64A;&#x646; &#x62C;&#x627;&#x631;&#x64A;&#x6C3; </subfield>
  </datafield>
  <datafield tag="260" ind1=" " ind2=" ">
    <subfield code="a">Dhaka / Dacca : </subfield>
    <subfield code="b">Syed Shah Ubaidullah , </subfield>
    <subfield code="c">1946. </subfield>
  </datafield>
  <datafield tag="300" ind1=" " ind2=" ">
    <subfield code="a">99 p. : </subfield>
    <subfield code="c">25 cm. </subfield>
  </datafield>
  <datafield tag="650" ind1=" " ind2="0">
    <subfield code="a">Sufism, &#x2C8;so&#x35E;of&#x2CC;iz&#x259;m, &#x9B8;&#x9C1;&#x9AB;&#x9BF;&#x9AC;&#x9BE;&#x9A6;, Suphib&#x101;da, &#x9B0;&#x9B9;&#x9B8;&#x9CD;&#x9AF;&#x9AC;&#x9BE;&#x9A6;, obscurantism, &#x9B8;&#x9C1;&#x9AB;&#x9BF;-&#x9AA;&#x9C0;&#x9B0;-&#x9A6;&#x9B0;&#x9AC;&#x9C7;&#x9B6;, Suphi-p&#x12B;ra-darab&#x113;&#x15B;a, Sufi-pir-dervish, &#x9AA;&#x9C0;&#x9B0;-&#x9A6;&#x9B0;&#x9AC;&#x9C7;&#x9B6;, P&#x12B;ra-darab&#x113;&#x15B;a, Peer-Darbesh, &#x993;&#x9B2;&#x9C0;-&#x986;&#x989;&#x9B2;&#x9BF;&#x9AF;&#x9BC;&#x9BE;&#x9B0;, &#x14C;l&#x12B;-&#x101;'uli&#x1E8F;&#x101;ra, Oli-Auliar, yogi, &#x2C8;y&#x14D;&#x261;&#x113;, &#x9AF;&#x9CB;&#x997;&#x9C0;, Y&#x14D;g&#x12B;, &#x9B8;&#x9A8;&#x9CD;&#x9A8;&#x9CD;&#x9AF;&#x9BE;&#x9B8;&#x9C0;, Sann'y&#x101;s&#x12B;, monastic, &#x9AD;&#x9BF;&#x995;&#x9CD;&#x9B7;&#x9C1;, &#x9A7;&#x9B0;&#x9CD;&#x9AE;&#x9BE;&#x9B0;&#x9CD;&#x9A5; &#x9AE;&#x9A0;&#x9AC;&#x9BE;&#x9B8;&#x9C0; &#x9AC;&#x9CD;&#x9AF;&#x995;&#x9CD;&#x9A4;&#x9BF;, recluse, monk, &#x9A8;&#x9BF;&#x9B0;&#x9CD;&#x99C;&#x9A8;&#x9AC;&#x9BE;&#x9B8;&#x9C0; &#x9AC;&#x9CD;&#x9AF;&#x995;&#x9CD;&#x9A4;&#x9BF;, saint, s&#x101;nt, &#x9B8;&#x9BE;&#x9A7;&#x9C1;, S&#x101;dhu, &#x9B8;&#x9A8;&#x9CD;&#x9A4;, patron saint</subfield>
    <subfield code="9">2764</subfield>
  </datafield>
  <datafield tag="942" ind1=" " ind2=" ">
    <subfield code="2">ddc</subfield>
    <subfield code="c">BK</subfield>
  </datafield>
</record>
